|
|
|
|
| LEADER |
00000nam0a2200000 4500 |
| 001 |
241887 |
| 005 |
20231101231843.0 |
| 010 |
|
|
|a 9785750203413
|
| 010 |
|
|
|a 978-5-91180-643-9
|
| 035 |
|
|
|a (RuTPU)RU\TPU\book\263176
|
| 035 |
|
|
|a RU\TPU\book\31343
|
| 090 |
|
|
|a 241887
|
| 100 |
|
|
|a 20130821d2008 km y0rusy50 ca
|
| 101 |
1 |
|
|a rus
|c eng
|
| 102 |
|
|
|a RU
|
| 105 |
|
|
|a y z 001zy
|
| 200 |
1 |
|
|a Microsoft Windows Presentation Foundation. Базовый курс
|e пер. с англ.
|f Ч. Петцольд
|
| 210 |
|
|
|a Москва
|c Русская Редакция
|a Санкт-Петербург
|c Питер
|d 2008
|
| 215 |
|
|
|a 944 с.
|
| 225 |
1 |
|
|a Для профессионалов
|
| 320 |
|
|
|a Алф. указ.: с. 942-944.
|
| 330 |
|
|
|a В этой книге, написанной гуру Windows-программирования Чарльзом Петцольдом, параллельно изложены два подхода программирования, на которых базируется Windows Presentation Foundation (WPF). При чтении читатель будет циклически переходить от особенностей применения XAML (Extensible Application Markup Language) к тонкостям программирования на С#, что позволит понять их взаимосвязанность при программировании интерфейсов. Уже с первой главы автор объясняет синтаксис XAML и принципы создания взаимосвязанного кода.Множество наглядных примеров помогут легко понять, как связываются коды на XAML и С#. Все это плюс «фирменное» разъяснение Петцольда концепций пользовательских интерфейсов (UI) легко научит Windows-разработчиков тому, как создавать для своих приложений интерфейсы нового поколения.
|
| 606 |
1 |
|
|a Платформа .NET
|2 stltpush
|3 (RuTPU)RU\TPU\subj\67723
|9 83415
|
| 610 |
1 |
|
|a программирование
|
| 610 |
1 |
|
|a взаимосвязанные коды
|
| 610 |
1 |
|
|a интерфейсы
|
| 610 |
1 |
|
|a WPF
|
| 610 |
1 |
|
|a Windows Presentation Foundation
|
| 610 |
1 |
|
|a XAML
|
| 610 |
1 |
|
|a C#
|
| 675 |
|
|
|a 004.4'2
|v 4
|
| 700 |
|
1 |
|a Петцольд
|b Ч.
|g Чарльз
|
| 801 |
|
0 |
|a RU
|b 63413507
|c 20011209
|g PSBO
|
| 801 |
|
2 |
|a RU
|b 63413507
|c 20140424
|g PSBO
|
| 942 |
|
|
|c BK
|